00643nam a2200193 4500003000900000005001700009008003300026020001800059040002500077082002700102245005400129260004000183300005300223650005100276650002700327650003800354700003400392710002300426DO-SdBPM20250128091259.0161121b2000 ch ||| 00| 0 spa d a9780746038277 aDO-SdBPMbspacBPMSU 4a372.4bV573f 200022200aVery Fierst words /cFotografía Woward Allman  aChina : bUsborne Publishing,c2000 avarias paginaciones : bilustraciones : c22 cm 4a Palabras y frases xEnseñanza preescolarx  4aInglés xFonética  4aLibros ilustrados para niños2 1 aWoward Allman efotografía 2 aUsborne Publishing